Konspekt spoločensky zodpovedného podnikania a jeho vnímanie v segmente malých a stredných podnikov na Slovensku
Spoločensky zodpovedné podnikanie v podmienkach slovenských podnikov. Prieskum zameraný na vnímanie SZP malými a strednými podnikmi. Ciele, metodika a vyhodnotenie prieskumu.
Salvato in:
| Autore principale: | |
|---|---|
| Altri autori: | , , , |
| Natura: | Capitolo di libro |
| Lingua: | slovacco |
| Soggetti: | |
| Tags: |
Nessun Tag, puoi essere il primo ad aggiungerne!!
|
MARC
| LEADER | 00000naa$a2200000$$$4500 | ||
|---|---|---|---|
| 001 | 0144397 | ||
| 005 | 20240502072605.2 | ||
| 041 | 0 | |a slo | |
| 044 | |a SK | ||
| 245 | 1 | 0 | |a Konspekt spoločensky zodpovedného podnikania a jeho vnímanie v segmente malých a stredných podnikov na Slovensku |c Helena Majdúchová, Gabriela Dubcová, Martin Pacek, Alexandra Piačková, Marián Židó |
| 520 | |a Spoločensky zodpovedné podnikanie v podmienkach slovenských podnikov. Prieskum zameraný na vnímanie SZP malými a strednými podnikmi. Ciele, metodika a vyhodnotenie prieskumu. | ||
| 610 | 2 | 0 | |a podnik malý |
| 610 | 2 | 0 | |a podnik stredný |
| 610 | 2 | 0 | |a stratégia podnikateľská |
| 610 | 2 | 0 | |a podnikatelia |
| 610 | 2 | 0 | |a podnikanie zodpovedné |
| 610 | 2 | 0 | |a zodpovednosť spoločenská |
| 610 | 2 | 0 | |a prieskum |
| 610 | 2 | 0 | |a dotazníky |
| 100 | 1 | |a Majdúchová, Helena, 1963- | |
| 700 | 1 | |a Dubcová, Gabriela, 1968- | |
| 700 | 1 | |a Pacek, Martin | |
| 700 | 1 | |a Piačková, Alexandra | |
| 700 | 1 | |a Židó, Marián | |